Microwave filters, impedance-matching networks, and coupling structures /

Bibliographic Details
Main Author: Matthaei, George L.
Other Authors: Young, Leo, 1926-2006, Jones, E. M. T.
Format: Book
Language:English
Published: Dedham, MA : Artech House Books, [1980]
Series:Artech House microwave library.
Subjects:

MARC

Tag First Indicator Second Indicator Subfields
LEADER 00000cam a2200000 a 4500
001 in00000082456
005 20151008061204.0
008 801124r19801964maua b 00110 eng d
010 |a  80068976  
020 |a 0890060991 
035 |a (OCoLC)06969601 
035 |9 AAJ7510AM 
040 |a NRL  |c NRL  |d TXA  |d UtOrBLW 
049 |a TXAM  |c [1329325] 
090 |a TK3226  |b .M345 1980 
100 1 |a Matthaei, George L. 
245 1 0 |a Microwave filters, impedance-matching networks, and coupling structures /  |c George L. Matthaei, Leo Young, E.M.T. Jones. 
264 1 |a Dedham, MA :  |b Artech House Books,  |c [1980] 
264 4 |c ©1980 
300 |a xv, 1096 pages :  |b illustrations ;  |c 25 cm. 
336 |a text  |b txt  |2 rdacontent 
337 |a unmediated  |b n  |2 rdamedia 
338 |a volume  |b nc  |2 rdacarrier 
490 1 |a The Artech House microwave library 
500 |a Reprint. Originally published : New York : McGraw-Hill, 1964. 
504 |a Includes bibliographical references and index. 
650 0 |a Electric filters. 
650 0 |a Electric networks. 
650 0 |a Impedance (Electricity) 
700 1 |a Young, Leo,  |d 1926-2006. 
700 1 |a Jones, E. M. T. 
830 0 |a Artech House microwave library. 
999 |a MARS 
999 f f |s 79ecd7f5-21e3-37e0-9fbe-5385acbdd752  |i 62d95377-2443-3f82-a3aa-885cd83d4dd6  |t 0 
952 f f |p normal  |a Texas A&M University  |b College Station  |c Sterling C. Evans Library  |d Evans: Library Stacks  |t 0  |e TK3226 .M345 1980  |h Library of Congress classification  |i unmediated -- volume  |m A14806250985 
998 f f |a TK3226 .M345 1980  |t 0  |l Evans: Library Stacks